000 00232nam a22000977a 4500
999 _c15836
_d15836
003 OSt
008 191022b ||||| |||| 00| 0 eng d
100 _aRaman ,Nair Vettoor .
_94339
245 _aJeevikan Marunnu Poya sthree
942 _cBK